000 00885nam a2200253 i 4500
001 141023
003 ES-MaACL
005 20260126131526.0
007 t|
008 070919s1917 fr |||| | fre d
100 1 _aWilmotte, Maurice.
_9117003
245 1 3 _aLe français áa la tête épique /
_cMaurice Wilmotte.
260 _aParis :
_bLa Renaissance du Livre,
_c1917.
300 _a190 p. ;
_c19 cm.
490 1 _aBibliothèque internationale de critique
530 _aDisponible en formato digital.
650 7 _aPoesía épica francesa-
_xHistoria y crítica
_9164998
655 7 _2tgfbne
_aPoesías
_9176539
830 0 _aBibliothèque internationale de critique
_9183708
852 _aES-MaACL
_jF-5899
_cDEPO2
856 4 _uhttp://bdh-rd.bne.es/viewer.vm?id=0000225242&page=1
_y(Biblioteca Digital Hispánica)
942 _2udc
999 _c141023
_d141023